Brock Lesnar's pro wrestling opponents - Statistics

General Stats
  • This quiz has been taken 1,542 times
    37 since last reset
  • The average score is 39 of 83
Answer Stats
Answer % Correct
John Cena
93%
Roman Reigns
86%
CM Punk
83%
Oba Femi
83%
Randy Orton
83%
The Rock
83%
The Undertaker
83%
Triple H
83%
Dean Ambrose
79%
Kurt Angle
79%
Seth Rollins
79%
A.J. Styles
76%
Kane
76%
Jeff Hardy
72%
Matt Hardy
72%
Goldberg
69%
The Big Show
69%
Batista
66%
Daniel Bryan
66%
Drew McIntyre
66%
Eddie Guerrero
66%
Edge
66%
Rey Mysterio
66%
Stephanie McMahon
66%
Vince McMahon
66%
Bobby Lashley
62%
Hulk Hogan
62%
Kofi Kingston
62%
Chris Benoit
59%
Chris Jericho
59%
Cody Rhodes
59%
Sheamus
59%
Braun Strowman
55%
Bubba Ray Dudley
55%
Paul Heyman
55%
Shelton Benjamin
55%
Spike Dudley
55%
Finn Balor
52%
Kevin Owens
52%
Ric Flair
52%
Booker T
48%
Crash Holly
48%
Hardcore Holly
48%
Rob Van Dam
48%
Samoa Joe
48%
Austin Theory
45%
Charlie Haas
45%
Mark Henry
45%
Omos
45%
Test
45%
Alberto Del Rio
41%
Rusev
41%
Zach Gowen
41%
Billy Gunn
38%
Ricochet
38%
Shinsuke Nakamura
38%
A-Train
34%
Chuck Palumbo
34%
The Miz
34%
Bradshaw
31%
Cain Velasquez
31%
Paul London
31%
Shawn Stasiak
31%
Spanky
31%
Tommy Dreamer
28%
Shannon Moore
24%
Orlando Jordan
21%
Rikishi
21%
Sho Funaki
17%
Akebono
14%
Lance Storm
14%
Mr. Perfect
14%
Raven
14%
D'Lo Brown
10%
Hugh Morrus
10%
Perry Saturn
10%
Johnny Stamboli
7%
Kanyon
7%
Lance Cade
7%
Manabu Nakanishi
7%
Yuji Nagata
7%
Rico Constantino
3%
The Collector
0%
No matching quizzes found
Score Distribution
Percent of People with Each Score
Percentile by Number Answered
Your Score History
You have not taken this quiz since the last reset